A cégvásárlás jogi és számviteli aspektusai

Bibliográfiai részletek
Szerzők: Sisa Krisztina
Siklósi Ágnes
Dokumentumtípus: Könyv része
Megjelent: Budapesti Gazdaságtudományi Egyetem Budapest 2025
Sorozat:II. Dr. Sztanó Imre Emlékkonferencia
Tárgyszavak:
doi:10.29180/978-615-6886-22-4_11

Online Access:http://publikaciotar.uni-bge.hu/2605

MARC

LEADER 00000naa a2200000 i 4500
001 publ2605
005 20260130111950.0
008 260130s2025 hu o 000 zxx d
020 |a 978-615-6886-22-4 
024 |a 10.29180/978-615-6886-22-4_11  |2 doi 
040 |a BGE Publikációtár Repozitórium  |b hun 
100 1 |a Sisa Krisztina 
245 1 2 |a A cégvásárlás jogi és számviteli aspektusai  |c Sisa Krisztina  |h [elektronikus dokumentum] 
260 |a Budapesti Gazdaságtudományi Egyetem  |b Budapest  |c 2025 
300 |a 1-8 
490 0 |a II. Dr. Sztanó Imre Emlékkonferencia 
520 3 |a A tanulmány célja a cégvásárlás és üzletág-vásárlás közötti jogi és számviteli különbségek bemutatása, kiemelve, hogy a gazdasági gyakorlatban e két fogalom gyakran összemosódik, noha jogi szempontból világosan elkülönülnek. A cégvásárlás társasági jogi alapú tranzakció, míg az üzletág-átruházás polgári jogi jogügylet, amely vagyonelemek megszerzésére irányul. A szerzők részletesen elemzik a különböző társasági formákra jellemző tulajdoni jogviszonyokat, az üzletrészek és részvények átruházásának sajátosságait, valamint az ezekhez kapcsolódó adózási és számviteli szabályokat. A számviteli értékelés szempontjából kitérünk a goodwill és badwill fogalmára, valamint azok elszámolására. A tanulmány rávilágít arra is, hogy a helyes jogértelmezés és számviteli elszámolás elengedhetetlen a tranzakciók kockázatainak minimalizálásához és az átlátható pénzügyi beszámolókhoz 
650 4 |a állam- és jogtudományok 
700 1 |a Siklósi Ágnes  |e aut 
856 4 0 |u https://publikaciotar.uni-bge.hu/id/eprint/2605/1/Dr.%20Sztan%C3%B3%20Imre%20Elml%C3%A9kkonferencia_konferenciak%C3%B6tet_11.pdf  |z Dokumentum-elérés